| 000 | 01142nam a22002777a 4500 | ||
|---|---|---|---|
| 003 | dpl | ||
| 005 | 20180830124009.0 | ||
| 008 | 180830b xxu||||| |||| 00| 0 eng d | ||
| 010 | _aA-738111 | ||
| 020 |
_c100.00 _a818586554 |
||
| 035 | _aA-738111, A-738134 | ||
| 037 | _bCen Lib/Ret | ||
| 040 |
_aDPL _bHN _c0 |
||
| 082 |
_aक _bनेगीप्रे |
||
| 100 |
_aनेगी, प्रेमसिंह _942810 |
||
| 245 |
_aअठमंगली : _cप्रेमसिंह नेगी _bकहानी संग्रह / |
||
| 246 |
_aAthmangli : kahani sangreh / _bby Premsingh Negi |
||
| 260 |
_aअल्मोड़ा _bश्री अल्मोड़ा बुक डिपो _c1995 |
||
| 270 |
_aद माल _bअल्मोड़ा _e263601 |
||
| 300 |
_a151पृ. _c21सेमी (सजिल्द) |
||
| 650 |
_aहिंदी साहित्य _956145 |
||
| 650 |
_aहिंदी साहित्य --कहानियां _942761 |
||
| 650 |
_aHindi literature _956146 |
||
| 650 |
_aHindi literature--Stories _956147 |
||
| 942 |
_2ddc _cHN _hक _mनेगीप्रे |
||
| 999 |
_c114269 _d114269 |
||